| 000 | 01892nam0a2200373 i 4500 | ||
|---|---|---|---|
| 001 | RU\NLR\BIBL_A\010514781 | ||
| 005 | 20260408080533.0 | ||
| 010 |
_a9785763829655 _9500 |
||
| 021 |
_aRU _b2014-62917 _93825 |
||
| 035 | _a(NILC)RuMoRGB-007543861 | ||
| 035 | _a(NLR Aleph) 010514781 | ||
| 090 |
_a10191676 _c10191676 |
||
| 100 | _a20141029d2014 u y0rusy50 ca | ||
| 101 | 0 | _arus | |
| 102 | _aRU | ||
| 105 | _aa|||j|||001yy | ||
| 200 | 1 |
_aОсновы теории формирования отливки _eучебное пособие для студентов высших учебных заведений, обучающихся по направлению "Металлургия" _fМ-во образования и науки Рос. Федерации, Сиб. федер. ун-т, [Ин-т цв. металлов и материаловедения _gТ.Р. Гильманшина и др.] |
|
| 210 |
_aКрасноярск _cСФУ _d2014 |
||
| 215 |
_a147 с. _cил., цв. ил. _d20 |
||
| 225 | 1 | _aУчебное пособие | |
| 225 | 1 | _aУМО | |
| 300 | _aНа обл. подзаг.: Металлургия | ||
| 313 | _aЛабораторные работы | ||
| 320 | _aБиблиогр.: с. 146 (17 назв.) | ||
| 606 | 1 |
_aЛитье _jУчебные издания для высших учебных заведений _xТеория _xЛабораторная практика _92354083 _3RU\NLR\AUTH\661406222 |
|
| 686 | 1 | _aК61-1я73-5 | |
| 702 | 1 |
_aГильманшина _bТ. Р. _gТатьяна Ренатовна _4220 |
|
| 712 | 0 | 2 |
_4570 _aСибирский федеральный университет _cКрасноярск _9693232 _3RU\NLR\AUTH\8810095991 |
| 801 | 0 |
_aRU _bРГБ _c20140828 _gRCR |
|
| 801 | 1 |
_aRU _bРГБ _c20140828 _2rusmarc |
|
| 942 | _cBOOK | ||
| 980 | _aNBR | ||